Learning in health and social care.

Bibliographic Details
Uniform Title:Learning in health and social care (Online)
Format: Journal
Language:English
Published: Oxford : Blackwell Pub.
Subjects:
Online Availability: Check for online availability

MARC

Tag First Indicator Second Indicator Subfields
LEADER 00000cas a2200000Ka 4500
001 in00001778421
005 20151025075553.0
006 m d
007 cr unu--------
008 021212c20029999enkqr pss 0 0eng d
022 |y 1473-6861  |y 1473-6853 
035 |a (OCoLC)ocm51212301 
040 |a NTD  |c NTD  |d UtOrBLW 
049 |a TXAM 
050 1 4 |a R735.A1  |b L43 Electronic 
130 0 |a Learning in health and social care (Online) 
245 1 0 |a Learning in health and social care. 
264 1 |a Oxford :  |b Blackwell Pub. 
310 |a Quarterly 
336 |a text  |b txt  |2 rdacontent 
337 |a computer  |b c  |2 rdamedia 
338 |a online resource  |b cr  |2 rdacarrier 
362 1 |a Electronic coverage as of: Vol. 1, no. 1 (Mar. 2002)- 
516 |a Text (electronic journal) available in HTML and PDF formats. 
500 |a Description based on: volume 1, number 1 (Mar. 2002) ; title from online journal title page (viewed Dec. 12, 2002). 
530 |a Electronic version of print title: Learning in health and social care. 
538 |a Mode of access: Internet via World Wide Web. 
500 |a Electronic resource. 
650 0 |a Medical education  |v Periodicals. 
650 0 |a Social work education  |v Periodicals. 
650 1 2 |a Health Personnel  |x education  |v Periodicals. 
650 2 2 |a Social Work  |x education  |v Periodicals. 
650 2 2 |a Education, Medical  |v Periodicals. 
650 2 2 |a Education, Medical, Continuing  |x organization & administration  |v Periodicals. 
776 1 |t Learning in health and social care  |x 1473-6853  |w (OCoLC)49990785 
948 |a cataloged  |b h  |c 2003/7/11  |d c  |e rstovall5  |f 10:02:32 am 
949 |a updated  |b h  |c 2005/12/7  |e pbump 
994 |a E0  |b TXA 
999 |a MARS 
999 f f |s b36cc397-fe23-3f89-a8ec-a781a1837bcf  |i 68cdd974-afe9-30e5-b675-95316d1e6225  |t 0 
952 f f |a Texas A&M University  |b College Station  |c Electronic Resources  |d Available Online  |t 0  |e R735.A1 L43  |g Electronic  |h Library of Congress classification 
998 f f |a R735.A1 L43  |t 0  |l Available Online